00586nam a2200133Ia 4500008004100000100003400041245010000075245012800175260005300303260000900356300001100365650001500376856006100391170221s9999 xx 000 0 und d aGuldana Sarsenbaykyzy Shaumen aMotives for Choosing the Profession of a Social Care Teacher in the Universities of Kazakhstan  cGuldana Sarsenbaykyzy Shaumen, Kulbarshyn Meterbayevna Meterbayeva, Azamat Ametbekovich Baitasov, Gulnar Eletaevna Utyupova bInternational Review of Management and Marketing c2016 a6 : 3S xMarketing. uhttp://www.econjournals.com/index.php/irmm/issue/view/75